| 000 | 01276nmm a2200349 a 4500 | ||
|---|---|---|---|
| 001 | ocm0002347861 | ||
| 003 | TR-IsHL | ||
| 005 | 20201028190116.0 | ||
| 008 | 191225s2019 tu tur | ||
| 007 | cr cn | ||
| 020 | _a9786052118344 | ||
| 035 |
_a2347861 _b(N$T) |
||
| 050 | 0 | 4 |
_aQA76.73 _b.S28 2019 |
| 090 | 0 | 4 |
_aQA76.73 _b.S28 2019 |
| 100 | 1 | _aSatır, Murat | |
| 245 | 1 | 0 |
_aScala ile yeni nesil programlama _h[electronic resource] / _cMurat Satır ; yayına hazırlık Hüseyin Üstünel, Merve Nur Şengül ; editörler İrem Soylu, Gizem Aksan |
| 250 | _a1. Baskı | ||
| 260 |
_aİstanbul : _bKODLAB Yayın Dağıtım, _c2019 |
||
| 300 | _a378 p. | ||
| 650 | 4 | _aMühendislik ve Teknoloji | |
| 650 | 4 | _aEngineering and Technology | |
| 650 | 0 | _aScala (Bilgisayar Programlama Dili) | |
| 650 | 0 | _aScala (Computer Program Language) | |
| 650 | 0 | _aProgramlama Dilleri (Elektronik Bilgisayarlar) | |
| 650 | 0 | _aProgramming Languages (Electronic Computers) | |
| 650 | 7 |
_aCOMPUTERS / Programming / General _2bisacsh |
|
| 700 | 1 | _aÜstünel, Hüseyin | |
| 700 | 1 | _aŞengül, Merve Nur | |
| 700 | 1 | _aSoylu, İrem | |
| 700 | 1 | _aAksan, Gizem | |
| 856 | 4 | 0 | _uhttp://search.ebscohost.com/login.aspx?direct=true&scope=site&db=e011xww&AN=2347861 |
| 999 |
_c21769 _d21769 |
||